00806nam a22001935i 4500001000700000003000900007005001700016008004100033040003000074100003200104245012900136260004200265300002200307596007100329650003600400852003500436999001900471952012200490166074ES-MaACL20250826005519.0010605q19001940sp |||| | spa d aCCPB | B bspa cCCPB | B1 aTasín, Nicolás.910936113aLa dictadura del proletariado b: segun Marx, Engels, Kautsky Bernstein, Axelrod, Lenin, Trotzky y Baüer / cpor N. Tasin. aMadrid : bBilbioteca Nueva, c[s.a.] a240 p. ; c16 cm. aPosiblemente impreso en los primeros cuarenta años del siglo XX. 7aMovimiento obrero2embne915207 aES-MaACLjF-10088 z-- Rúst. c166074d166074 00104070aATENEOMbATENEOMcSPP2d2008-01-17eSSCl0oF-10088p1174168r2023-02-23 00:00:00w2023-02-23yMONOGRAFIA